Statistics for Biggest Trading Partners - Nigeria

Click here to take the quiz!

General Stats

  • This quiz has been taken 10 times
  • The average score is 20 of 28

Answer Stats

ExportsCountry% Correct
0.10 bilChina
100%
3.59 bilChina
100%
1.95 bilUnited States
100%
0.30 bilUnited States
100%
0.98 bilFrance
90%
0.15 bilFrance
90%
0.21 bilGermany
90%
1.55 bilGermany
90%
0.70 bilJapan
90%
0.09 bilJapan
90%
0.28 bilUnited Kingdom
90%
1.01 bilUnited Kingdom
90%
0.47 bilItaly
80%
0.29 bilItaly
80%
0.09 bilIndia
70%
0.66 bilIndia
70%
0.64 bilSouth Korea
70%
0.73 bilUnited Arab Emirates
70%
0.70 bilBelgium
60%
1.32 bilBelgium
60%
0.51 bilGhana
60%
0.16 bilNetherlands
60%
0.72 bilSwitzerland
50%
0.82 bilTogo
50%
1.15 bilLiberia
40%
0.12 bilThailand
40%
0.08 bilAlbania
0%
0.61 bilAlbania
0%

Score Distribution

Percentile by Number Answered

Percent of People with Each Score

Your Score History

You have not taken this quiz